00445nam a2200181Ia 4500008004100000020001800041050001400059100002700073245003500100245002700135260001500162260001600177260000900193300001600202300002700218300001000245500000800255170918s9999 xx 000 0 und d a9780439683562 bK498 2003 aKimmel, Elizabeth Cody aLily B. on the brink of cool / cElizabeth Cody Kimmel. aNew York : bScholastic, c2003 a245 pages : bcolored illustration ; c19cm. a880